| 000 | 00410nam a22001457a 4500 | ||
|---|---|---|---|
| 020 | _qHB. | ||
| 040 | _cFIZZA ISHAQ | ||
| 082 |
_a510.1 _bKRA |
||
| 100 |
_aKramer, Edna E. _9134215 |
||
| 245 |
_aThe Nature and Growth of Modern Mathematics / _c Edna E. Kramer. |
||
| 250 | _aFirst edition. | ||
| 260 |
_aNew York: _bHawthorn Books, Inc., _c1970. |
||
| 300 |
_axxiv, 758 p. ; _c26 x 18.5 cm. |
||
| 942 |
_2ddc _cBK |
||
| 999 |
_c617188 _d617188 |
||